000 00705cam a2200253 u 4500
003 MX-MxUPN
005 20240517063655.0
008 191028s2008 mx a ar 000 j spa d
020 _a9789685389709
035 _aUPN01000233751
040 _aMX-MxUPN
_bspa
041 0 _aspa
050 4 _aPZ74.9
_bZ47 2008
100 1 _aZepeda, Monique
_932349
245 1 0 _aNicolás dos veces
260 _aMéxico, D.F. :
_bEl Naranjo,
_cc2008.
300 _a[34] páginas:
_bilustraciones a color
650 4 _aMiedo
_vLiteratura infantil
_912306
650 4 _97723
_aCuentos infantiles mexicanos
902 _bVíctorGodínez/160524
905 _aInfantil
942 _2lcc
_cLIBRO
999 _c205846
_d205846